000 00630nam a2200241Ia 4500
003 OSt
005 20220918192347.0
006 a|||||r|||| 00| 0
007 ta
008 220917b |||||||| |||| 00| 0 eng d
024 _a68,096
037 _cTextual
040 _aARTS
_cARTS
_beng
041 _2eng
_aeng
082 _aO:2J64:9xL09, K9-;1
100 _aJohnson Samuel
245 0 _aShakespeare ed by W K Wimsatt
260 _c1969
490 _aPenguin Shakespeare library
650 _aENGLISH LITERATURE
942 _hO:2J64:9xL09, K9-;1
_cTEXL
_2CC
999 _c194290
_d194290